000 00621nab a2200181 4500
001 244442
003 OSt
005 20240409135121.0
007 tu
008 200917s2020|||||||
040 _aDE-2950
_cDE-2950
245 0 0 _aSalz-Spielplätze im Trend
_bGesundheit. In Frankfurt gibt es seit Kurzem ein Inhalatorium. Das Salz soll nicht nur bei Erkältungen helfen. Ärzte sehen das anders/
_cDiana Maltseva, Anja Sokolow
264 _c2024
653 _aFrankfurt (Oder)
653 _aSalz-Spielplatz
773 0 _g35. Jahrgang (2024) Nr. 79 vom 04.04.2024, S. 15 mit Foto
_tMärkische Oderzeitung
942 _2z
_cA
999 _c373060
_d373060